00638nam a2200205Ia 4500003000900000008004100009040001600050080001700066100002800083245006300111260003600174300001100210500002600221650002700247650001900274650002400293942000700317999001500324952009300339IN-BaIIA211028s9999 xx 000 0 eng d cIIA Library a535.375bBHA aBhagavantham, S.912864 0aScattering of light and the Raman effectcS. Bhagavantham  aWaltairbAndra Universityc1940 ax,333p aDonated by Mrs. Bappu aLight Scattering93487 aNASA Thesaurus aRaman spectra91805 cBK c7601d7601 00104070aBANbBANcGENd1983-07-20l0o535.375/ BHAp8415r2021-11-05w1983-07-20yBK